| LEADER 00000nam a2200000Ia 4500 |
| 001 214095 |
| 003 ULIBM |
| 008 240528s||||||||th 000 0 tha d |
| 020 ^a9789740339779
|
| 040 ^abcnkk
|
| 041 ^atha
|
| 060 04 ^aWH700^bอ376ร 2563
|
| 100 0 ^aอรวินท์ พร่างแสงทอง
|
| 245 10 ^aระบบน้ำเหลืองและการสร้างหลอดน้ำเหลืองใหม่ =^bThe lymphatic system and lymphangiogenesis /^cอรวินท์ พร่างแสงทอง
|
| 246 31 ^aThe lymphatic system and lymphangiogenesis
|
| 260 ^aกรุงเทพฯ :^bสำนักพิมพ์จุฬาลงกรณ์มหาวิทยาลัย,^c2563
|
| 300 ^a213 หน้า :^bภาพประกอบ ;^c26 ซม.
|
| 505 0 ^aประวัติการค้นพบหลอดน้ำเหลืองและระบบน้ำเหลือง -- โครงสร้างของระบบน้ำเหลืองและหน้าที่การระบายน้ำเหลือง -- หน้าที่จำเพาะของหลอดน้ำเหลืองที่อวัยวะต่าง ๆ -- การเจริญของระบบน้ำเหลืองและการสร้างหลอดน้ำเหลือง -- กระบวนการของการสร้างหลอดน้ำเหลืองใหม่ ปัจจัย และกลไกที่เกี่ยวข้อง -- การสร้างหลอดน้ำเหลืองใหม่และกระบวนการเมแทบอลิซึม -- การสร้างหลอดน้ำเหลืองใหม่ในโรคมะเร็ง -- ภาคผนวก : ตัวอย่างการประยุกต์ใช้เซลล์บุหลอดน้ำเหลืองเพื่อการศึกษาทางเภสัชศาสตร์ชีวภาพ
|
| 650 2 ^aLymphatic Diseases
|
| 650 2 ^aLymphatic System
|
| 650 4 ^aต่อมน้ำเหลือง, เนื้องอก
|
| 650 4 ^aต่อมน้ำเหลือง, โรค
|
| 999 ^aใช้งานได้ทุกระบบ
|